Vedecko-technický pokrok a kvalifikácia pracovných síl v socializme kandidátska dizertačná práca

Salvato in:
Dettagli Bibliografici
Autore principale: Slivkaničová, Alena
Ente Autore: Vysoká škola ekonomická v Bratislave. Národohospodárska fakulta
Altri autori: Jurík, Dušan
Natura: Libro
Lingua:slovacco
Pubblicazione: Bratislava 1985
Tags: Aggiungi Tag
Nessun Tag, puoi essere il primo ad aggiungerne!!

MARC

LEADER 00000nam a2200000 4500
001 c026928
005 20221220080551.9
041 0 |a slo 
044 |a SK 
245 1 0 |a Vedecko-technický pokrok a kvalifikácia pracovných síl v socializme  |b kandidátska dizertačná práca  |c Alena Slivkaničová ; Ved. práce Dušan Jurík 
264 1 |a Bratislava  |c 1985 
300 |a 187 s. 
100 1 |a Slivkaničová, Alena 
700 1 |a Jurík, Dušan 
710 2 |a Vysoká škola ekonomická v Bratislave. Národohospodárska fakulta